1054 1078 1627 1623 1767 1592 1543 1493 1600 1344 1032 1801 1268 1084 1675 1606 1846 1627 1380 1494 1250 1439 1490 1894 1228 1139 1320 1897 1588 1396 1521 1992 1687 1839 1868 1214 1419 1912 1585 1999 1042 1073 1078 1952 1952 1930 1349 1840 1539 1103 1011 1525 1972 1339 1242 1370 1476 1648 1415 1221 1947 1840 1071 1332 1357 1017 1754 1800 1981 1282 1477 1507 1096 1509 1755 1878 1882 1997 1395 1564 1764 1121 1125 1243 1060 1328 1177 1491 1991 1785 1731 1446 1378 1565 1772 1526 1712 1053 1569 BCNSPRNW ULIB Ver.6.0+V

เปลี่ยนเป็นภาษาไทย

Change to English
 แสดงรายละเอียดบรรณานุกรม
  กลับหน้าหลัก

Brief Record : Get Marc (ISO 2709) : E-mail record : QR code < ปิดหน้าต่าง
LEADER : 00000nam 2200000uu 4500
001    13399126089
003     ULIB
008    020711s2017 th a 000 0 eng d
020    ^a9780702062117
060    ^aWQ165^bM114M
100    ^aSue Macdonald
245    ^aMayes Midwifery/^cSue Macdonald,Gail Johnson
250    ^a15th ed
260    ^aNew York :^bElsevier,^c2017
300    ^a1204 pages
650    ^aMidwifery
700    ^aGail Johnson
945    ^p0^l0^i004118
999    ^aประนอม เกษจรัล
รายการนี้ยังไม่มีแท็ก
คุณยังไม่ได้ล็อกอิน คุณสามารถมีกิจกรรมร่วมกับเว็บไซต์ได้ แต่ต้องล็อกอินก่อน ::
  ล็อกอิน

รายการสื่อสารสนเทศ

ลำดับที่ ประเภท เลขเรียก/บาร์โค้ด สถานที่ สถานะ
1. วิทยาศาสตร์การแพทย์ และสุขภาพ
วิทยาศาสตร์การแพทย์ และสุขภาพ
WQ165 M114M ฉ.1 
  Barcode: 004118
ห้องสมุดวิทยาเขตสวรรค์ประชารักษ์
►หนังสือทั่วไป
บนชั้น

รายการใกล้เคียง
    ผู้แต่ง [Sue Macdonald]

    หัวเรื่อง [Midwifery]

BibComment


ยังไม่เคยถูกคอมเมนท์

คอมเมนท์ทรัพยากรรายการนี้
  คอมเมนท์: Mayes Midwifery ..


 Copyright 2026. Bcnsprnw @Library